000 00299nam a22001337a 4500
008 170629b xxu||||| |||| 00| 0 eng d
020 _a9780631163022
041 _aeng
080 _a82
100 _a22
101 _aGJL
245 _aTHE IDEOLOGY OF THE AESTHETIC
_cEAGLETON, T
942 _2udc
_cBK
999 _c19646
_d19646